• 首页
  • 本馆介绍
  • 公告通知
  • 最新文献
  • 馆藏检索
  • 电子资源
  • 读者导购
  • 参考咨询
  • 我的图书馆
  • 登录
  • 详细信息显示
  • 放入我的书架
  • 预约/预借图书
  • 作者相关作品
  • 分类相关作品
  • 丛书相关作品
  • 出版社相关作品

书目信息

  • 表格格式
  • 工作单格式
  • 卡片格式
题名:
全球通史
    
 
作者: 斯塔夫里阿诺斯 , Stavrianos 著 ;吴象婴 译
分册: 上  
出版信息: 北京   北京大学出版社  2006
页数: 29,342页
开本: 25cm
丛书名: 培文书系
单 册:
中图分类: K10
科图分类:
主题词: 世界史--通史 , 世界史
电子资源:
ISBN: 7-301-10948-2
000 01278oam2 2200349 450
001 012007885330
005 20070622110708.10
010    @a7-301-10948-2@dCNY42.00
100    @a20070508d2006 km y0chiy0120 ea
101 1  @achi@ceng
102    @aCN@b110000
105    @aa z 000yy
106    @ar
200 1  @a全球通史@Aquan qiu tong shi@e从史前史到21世纪@h上@f(美)斯塔夫里阿诺斯(L. S. Stavrianos)著@F(mei)si ta fu li a nuo si(L.S.Stavrianos)zhu@g吴象婴等译@Gwu xiang ying deng yi
205    @a2版@b修订版
210    @a北京@c北京大学出版社@d2006
215    @a29,342页@c图@d25cm
225 2  @a培文书系@i人文科学系列
304    @a其他编著:梁赤民,董书慧,王昶
305    @a据原书第7版译出
330    @a本册共4编17章,主要内容包括:史前人类、欧亚大陆的古典文明、1500年以前的非欧亚大陆世界、欧亚大陆的中世纪文明等。
461  0 @12001 @a培文书系
510 1  @aGlobal history from prehistory to the 21st century@zeng
517 1  @a从史前史到21世纪@Acong shi qian shi dao 21 shi ji
606 0  @a世界史@x通史
606 0  @a世界史
690    @aK10@v4
701  1 @c(美)@a斯塔夫里阿诺斯@Asi ta fu li a nuo si@gL.S.@4著
701  1 @c(美)@aStavrianos@gL.S.@4著
702  0 @a吴象婴@Awu xiang ying@4译
801  0 @aCN@bRULIN@c20070622
905    @dK10@e155:1=2@s8
    
    全球通史:从史前史到21世纪.上/(美)斯塔夫里阿诺斯(L. S. Stavrianos)著/吴象婴等译.-2版,修订版.-北京:北京大学出版社,2006
    29,342页:图;25cm.-(培文书系.人文科学系列)
    
    
    ISBN 7-301-10948-2:CNY42.00
    本册共4编17章,主要内容包括:史前人类、欧亚大陆的古典文明、1500年以前的非欧亚大陆世界、欧亚大陆的中世纪文明等。
●
相关链接 在E读中查询图书 在五车中查询图书 在当当中查询图书 在豆瓣中查询图书


正题名:全球通史     索取号:K10/155:1=2         预约/预借

序号 登录号 条形码 馆藏地/架位号 状态 备注
1 0578595   205785952   第二样本阅览室/ [索取号:K10/155:1=2] 在馆    
2 0578596   205785961   第二借阅区/ [索取号:K10/155:1=2] 在馆    
3 0578597   205785970   第二借阅区/ [索取号:K10/155:1=2] 在馆    
4 0578598   205785989   第二借阅区/ [索取号:K10/155:1=2] 在馆    
5 0578599   205785998   第二借阅区/ [索取号:K10/155:1=2] 已借出,限还日期为2026.06.09
借出人:戈兆熠  
 
6 0578600   205786005   第二借阅区/ [索取号:K10/155:1=2] 已借出,限还日期为2026.05.05
借出人:臧天祎  
 
7 0578601   205786014   第二借阅区/ [索取号:K10/155:1=2] 已借出,限还日期为2026.05.04
借出人:李梓诺  
 
8 0578602   205786023   第二借阅区/ [索取号:K10/155:1=2] 在馆    
9 627684   206276849   第二借阅区/ [索取号:K10/155:1=2] 在馆    
唐山师范学院图书馆 欢迎您!
大连网信软件有限公司© 版权所有